Kapitanowie drużyn Plusligi w sezonie 2020/21 - Statystyki

Ogólne statystyki
  • Ten quiz został rozwiązany 80 razy
  • Średni wynik to 7 z 14
Statystyki odpowiedzi
Klub Kapitan % Poprawnych
Zaksa Kędzierzyn-Koźle Benjamin Toniutti
84%
Asseco Resovia Rzeszów Fabian Drzyzga
79%
PGE Skra Bełchatów Grzegorz Łomacz
79%
Verva Warszawa Orlen Paliwa Andrzej Wrona
73%
Jastrzębski Węgiel Lukas Kampa
68%
Trefl Gdańsk Mariusz Wlazły
68%
GKS Katowice Jakub Jarosz
52%
Indykpol AZS Olsztyn Robbert Andringa
34%
Cerrad Enea Czarni Radom Michał Ostrowski
27%
Aluron CMC Warta Zawiercie Grzegorz Bociek
26%
Cuprum Lubin Miguel Tavares
23%
MKS Będzin Artur Ratajczak
19%
Ślepsk Malow Suwałki Łukasz Rudzewicz
19%
Stal Nysa Patryk Szczurek
19%
Nie znaleziono quizów pasujących do podanych kryteriów
Rozkład punktacji
Procent ludzi z każdym wynikiem
Percentyl według liczby udzielonych odpowiedzi
Twoja historia wyników
Nie rozwiązałeś tego quizu